书目信息 |
| 题名: |
赵瑜·体育报告三部曲
|
|
| 作者: | 赵瑜 著 | |
| 分册: | ||
| 出版信息: | 武汉 长江文艺出版社 2000.05 |
|
| 页数: | 585页 | |
| 开本: | 32开 | |
| 丛书名: | ||
| 单 册: | ||
| 中图分类: | I253.4 | |
| 科图分类: | ||
| 主题词: | 报告文学--中国 , 传记文学--中国 | |
| 电子资源: | ||
| ISBN: | 7-5354-2020-6 | |
| 000 | 00583nam0 2200205 45 | |
| 001 | 0010251696 | |
| 005 | 20001025164723.7 | |
| 010 | @a7-5354-2020-6@d24.00元 | |
| 100 | @a20001025d2000 km y0chiy0120 ea | |
| 101 | 0 | @achi |
| 105 | @a z 000yy | |
| 200 | 1 | @a赵瑜·体育报告三部曲@AZhao Yu·Ti Yu Bao Gao San Bu Qu@f赵瑜著@FZhao Yu Zhu |
| 210 | @a武汉@c长江文艺出版社@d2000.05 | |
| 215 | @a585页@d32开 | |
| 606 | 0 | @a报告文学@x中国 |
| 606 | 0 | @a传记文学@x中国 |
| 690 | @aI253.4@v3 | |
| 701 | 0 | @a赵瑜@4著 |
| 801 | @aCN@bPftUser@c20001025 | |
| 905 | @b189035-037@dI253.4@eZH.595@f3 | |
| 赵瑜·体育报告三部曲/赵瑜著.-武汉:长江文艺出版社,2000.05 |
| 585页;32开 |
| ISBN 7-5354-2020-6:24.00元 |
| ● |
| 相关链接 |
|
|
|
正题名:赵瑜·体育报告三部曲
索取号:I253.4/ZH.595
 
预约/预借
| 序号 | 登录号 | 条形码 | 馆藏地/架位号 | 状态 | 备注 |
| 1 | 189035 | 201890356 | 文学库108/108文学库 68排5列3层/ [索取号:I253.4/ZH.595] | 在馆 | |
| 2 | 189036 | 201890365 | 文学库108/108文学库 68排5列3层/ [索取号:I253.4/ZH.595] | 在馆 | |
| 3 | 189037 | 201890374 | 文学库108/108文学库 68排5列3层/ [索取号:I253.4/ZH.595] | 在馆 |